000 00757nab a2200229u 4500
001 17001
003 HDC
007 c| |||a|c|aaaa
008 210221b20140519my ||||| |||| 00| 0 may d
040 _aHDC
245 0 _aLINs.AD bantu PKS fahami kepentingan jenama
336 _atext
_2rdacontent
337 _acomputer
_2rdamedia
338 _aonline resource
_2rdacarrier
650 _aLins Advertising & Marketing Sdn Bhd
_916589
650 _asmall and medium enterprises (SME)
_97657
710 _aBERITA HARIAN
856 _zRequest full-text at [email protected]
942 _2lcc
942 _cNEWS
942 _kNWSC 004949
999 _c14317
_d14317